000 00906cab a2200241 4500
001 ABS52811
008 090401t1995 xxu||||| |||| 00| 0 eng d
035 _a(Sirsi) u301
041 _aeng
100 _aKnowles, R.
245 _aGlobal claims back in fashion
260 _c1995
350 _a0
490 _aCSM (Chartered Surveyor Monthly)
_v4(7) May 1995, 35(1)
520 _aExamines the decisions in two cases "Wharf Properties Ltd v Eric Cumine Associates" (ABS45395) and "Mid Glamorgan CC v Devonald Williams and Partners" (ABS45847) considering the implications on the way in which contractors prepare claims.
650 _aCONTRACT CLAIMS
650 _aGLOBAL CLAIMS
650 _aMID GLAMORGAN CC V DEVONALD WILLIAMS AND PARTNERS
650 _aWHARF PROPERTIES LTD V ERIC CUMINE ASSOCIATES
690 _aBUILT ENVIRONMENT-BUILDING CONTRACT FORMS
942 _n0
948 _c04/03/1997
999 _c115
_d115